2009 Information and communications for development : Extending reach and increasing impact
"Information and communications for development 2009 : extending reach and increasing impact" first examines the economic impact of mobile, broadband connectivity, and e-government applications. It highlights country experiences with different institutional arrangements for e-government an...
Tallennettuna:
| Yhteisötekijä: | |
|---|---|
| Aineistotyyppi: | Kirja |
| Kieli: | Undetermined |
| Julkaistu: |
Washington, D.C.
World Bank
2009
|
| Aiheet: | |
| Tagit: |
Lisää tagi
Ei tageja, Lisää ensimmäinen tagi!
|
| Thư viện lưu trữ: | Trung tâm Học liệu Trường Đại học Cần Thơ |
|---|
| LEADER | 01518nam a2200241Ia 4500 | ||
|---|---|---|---|
| 001 | CTU_161383 | ||
| 008 | 210402s9999 xx 000 0 und d | ||
| 020 | |c 40 | ||
| 082 | |a 384.043 | ||
| 082 | |b W927 | ||
| 110 | |a World Bank (WB) | ||
| 245 | 0 | |a 2009 Information and communications for development : | |
| 245 | 0 | |b Extending reach and increasing impact | |
| 245 | 4 | |c The World Bank (WB) | |
| 260 | |a Washington, D.C. | ||
| 260 | |b World Bank | ||
| 260 | |c 2009 | ||
| 520 | |a "Information and communications for development 2009 : extending reach and increasing impact" first examines the economic impact of mobile, broadband connectivity, and e-government applications. It highlights country experiences with different institutional arrangements for e-government and discusses policy options for advancing access to ICT infrastruture and services. It also reviews policy options that recourage the development of information technology (IT) and IT-enable services industries in the developing world. | ||
| 650 | |a Telecommunication,Information services,Information technology,Information services,Telecommunication,Viễn thông,Dịch vụ thông tin,Information technology,Công nghệ thông tin | ||
| 650 | |x Economic aspects,Khía cạnh kinh tế | ||
| 650 | |z Developing countries,Developing countries,Nước đang phát triển,Developing countries,Nước đang phát triển | ||
| 904 | |i Thach, Trọng Hiếu | ||
| 980 | |a Trung tâm Học liệu Trường Đại học Cần Thơ | ||